[Event "BL 8182 Kettig-Porz"]
[Site "?"]
[Date "1981.??.??"]
[Round "?.8"]
[White "Busch, R."]
[Black "Sigurjonsson, G."]
[Result "0-1"]
[WhiteElo "2255"]
[BlackElo "2440"]
[PlyCount "118"]
[EventDate "1981.??.??"]

1. Nf3 Nf6 2. c4 e6 3. Nc3 Bb4 4. g3 O-O 5. Qb3 c5 6. Bg2 Nc6 7. a3 Ba5 8. O-O
d6 9. d3 h6 10. Qc2 e5 11. e3 Be6 12. b3 Qd7 13. Bb2 Rac8 14. Rfd1 Bg4 15. Rf1
Bh3 16. Ne4 Ne8 17. Nc3 Bxg2 18. Kxg2 Bxc3 19. Bxc3 f5 20. b4 b6 21. bxc5 bxc5
22. Rab1 Nf6 23. Rb5 Rf7 24. Rfb1 Rcf8 25. Rb7 Qc8 26. Rxf7 Rxf7 27. Qa4 f4 28.
h3 fxe3 29. fxe3 e4 30. Ne1 exd3 31. Bxf6 Rxf6 32. Nxd3 Qe8 33. Kh2 Qe4 34. Rb2
Rf1 35. Rg2 Rf3 36. Nf2 Qe8 37. e4 Qc8 38. Qd1 Nd4 39. Ng4 h5 40. Nf2 Rxa3 41.
Nd3 Qe6 42. Rf2 g6 43. e5 dxe5 44. Nxc5 Qc6 45. Nd3 Qe4 46. Qf1 Nf5 47. Nc1 Rc3
48. Ne2 Rxc4 49. g4 hxg4 50. hxg4 Qxg4 51. Rf3 Rc2 52. Rf2 Kg7 53. Rg2 Ne3 54.
Rxg4 Nxf1+ 55. Kg1 Ne3 56. Ra4 Rxe2 57. Rxa7+ Kf6 58. Ra8 Kf5 59. Rf8+ Kg4 0-1

[Event "BL 8182 Frankfurt-Düsseldorf"]
[Site "?"]
[Date "1981.??.??"]
[Round "?.1"]
[White "Backwinkel, P."]
[Black "Sosonko, G."]
[Result "0-1"]
[WhiteElo "2275"]
[BlackElo "2585"]
[PlyCount "90"]
[EventDate "1981.??.??"]

1. Nf3 c5 2. g3 Nc6 3. Bg2 e5 4. e4 g6 5. Na3 Bg7 6. Nc4 d6 7. a4 Nge7 8. O-O
O-O 9. d3 f5 10. c3 h6 11. Nh4 f4 12. Bf3 Bh3 13. Ng2 fxg3 14. fxg3 Qd7 15. Be3
b6 16. Qd2 Kh7 17. Rf2 Rab8 18. Raf1 a6 19. Bd1 Rxf2 20. Rxf2 b5 21. axb5 axb5
22. Na3 Be6 23. h4 Ng8 24. Nc2 Nf6 25. Rf1 c4 26. Be2 d5 27. exd5 Bxd5 28. Bf2
Qh3 29. Nce3 Rd8 30. Nxd5 Rxd5 31. Ne3 Rd6 32. Qc2 h5 33. dxc4 Bh6 34. Nd5 Nxd5
35. cxd5 Be3 36. Bf3 Qxg3+ 37. Bg2 Rxd5 38. Bxe3 Qxe3+ 39. Kh1 Rd2 40. Qb3 Nd8
41. Rf7+ Kh6 42. Rf8 Qe1+ 43. Kh2 Qxh4+ 44. Kg1 Qg3 45. Rh8+ Kg5 0-1

[Event "BL 8182 Frankfurt-Düsseldorf"]
[Site "?"]
[Date "1981.??.??"]
[Round "?.2"]
[White "Lobron, E."]
[Black "Vetter, H."]
[Result "1-0"]
[WhiteElo "2395"]
[BlackElo "2250"]
[PlyCount "49"]
[EventDate "1981.??.??"]

1. Nf3 Nf6 2. c4 c6 3. g3 d5 4. b3 dxc4 5. bxc4 e5 6. Bb2 e4 7. Nd4 Be7 8. Bg2
O-O 9. O-O Bg4 10. h3 Bd7 11. Nc3 Bxh3 12. Bxh3 Qxd4 13. Qb3 Qb6 14. Bf5 Re8
15. Qc2 Nbd7 16. Nxe4 Nxe4 17. Bxe4 h6 18. Rab1 Qc7 19. Bf3 Bf6 20. d4 c5 21.
Bc1 Bxd4 22. Bf4 Qa5 23. Rxb7 Ne5 24. Bxe5 Bxe5 25. Rb5 1-0

[Event "BL 8182 Frankfurt-Düsseldorf"]
[Site "?"]
[Date "1981.??.??"]
[Round "?.6"]
[White "Bialas, W."]
[Black "Schlaugat, M."]
[Result "0-1"]
[WhiteElo "2340"]
[BlackElo "2250"]
[PlyCount "84"]
[EventDate "1981.??.??"]

1. Nf3 Nf6 2. g3 b5 3. Bg2 Bb7 4. c3 e6 5. Qb3 Bc6 6. O-O Be7 7. d3 a6 8. e4 d5
9. e5 Nfd7 10. Qc2 Bb7 11. d4 c5 12. a4 b4 13. dxc5 Bxc5 14. Nbd2 Nc6 15. Nb3
Ba7 16. Re1 Rc8 17. Bf4 bxc3 18. bxc3 Na5 19. Nxa5 Qxa5 20. Qb2 Rc7 21. Be3
Bxe3 22. Rxe3 O-O 23. Nd4 Rb8 24. Nb3 Bc8 25. Qa2 Qb6 26. Rb1 Qa7 27. Nd4 Rxb1+
28. Qxb1 Rc4 29. Qd1 Qc7 30. Nxe6 fxe6 31. Bxd5 exd5 32. Qxd5+ Kh8 33. e6 Nf6
34. e7 Bd7 35. Qf7 h6 36. Rf3 Ng8 37. e8=Q Bxe8 38. Qxe8 Rxc3 39. Qe4 Qc6 40.
Qxc6 Rxc6 41. Rf4 Nf6 42. h4 Re6 {ZÜ} 0-1

[Event "BL 8182 FH Hamburg-Solingen"]
[Site "?"]
[Date "1981.??.??"]
[Round "?.1"]
[White "Spassky, B."]
[Black "Wockenfuss, K."]
[Result "1-0"]
[WhiteElo "2630"]
[BlackElo "2380"]
[PlyCount "55"]
[EventDate "1981.??.??"]

1. e4 c5 2. b3 e6 3. Bb2 a6 4. Nf3 d5 5. exd5 exd5 6. d4 Nf6 7. Bd3 cxd4 8. O-O
Be7 9. Nxd4 O-O 10. Nd2 Nc6 11. Re1 Re8 12. Qf3 Bd7 13. h3 Bb4 14. Nxc6 bxc6
15. Qf4 Qa5 16. Bxf6 Bxd2 17. Qh4 h6 18. Rxe8+ Rxe8 19. Qg3 g5 20. Qf3 Re6 21.
g3 Qc5 22. Rd1 Be1 23. Bd4 Qe7 24. Bf5 Rd6 25. Bc5 Bxf5 26. Qxf5 Qe2 27. Rd3
Re6 28. Rf3 1-0

[Event "BL 8182 FH Hamburg-Solingen"]
[Site "?"]
[Date "1981.??.??"]
[Round "?.4"]
[White "Rosin, W."]
[Black "Lau, R."]
[Result "1/2-1/2"]
[WhiteElo "2265"]
[BlackElo "2405"]
[PlyCount "88"]
[EventDate "1981.??.??"]

1. d4 Nf6 2. Nf3 e6 3. Nbd2 d5 4. e3 c5 5. c3 Nbd7 6. Ne5 Nxe5 7. dxe5 Nd7 8.
f4 f5 9. Qh5+ g6 10. Qh3 Be7 11. Bd3 c4 12. Bc2 Nc5 13. Nf3 Bd7 14. g4 Qb6 15.
gxf5 exf5 16. Nd4 O-O-O 17. b3 cxb3 18. axb3 Kb8 19. Bd2 Ne6 20. Ke2 Rc8 21.
Bd3 Bc5 22. Nxe6 Bxe6 23. b4 Be7 24. Ra5 a6 25. Rha1 Bf7 26. b5 Rc5 27. Qh6 Bf8
28. Qh4 Be8 29. Qf6 Qxf6 30. exf6 Bxb5 31. Bxb5 Rxb5 32. Rxb5 axb5 33. Ra5 Bc5
34. Rxb5 b6 35. c4 dxc4 36. Bb4 Bxb4 37. Rxb6+ Kc7 38. Rxb4 Rf8 39. Rxc4+ Kd6
40. e4 fxe4 41. Ke3 Rxf6 42. Kxe4 Rf5 43. Kf3 Rh5 44. Kg3 Rc5 1/2-1/2

[Event "BL 8182 FH Hamburg-Solingen"]
[Site "?"]
[Date "1981.??.??"]
[Round "?.5"]
[White "Dueball, J."]
[Black "Kordsachia, T."]
[Result "1/2-1/2"]
[WhiteElo "2455"]
[BlackElo "2350"]
[PlyCount "99"]
[EventDate "1981.??.??"]

1. e4 c6 2. d4 d5 3. exd5 cxd5 4. c4 Nf6 5. Nc3 e6 6. Nf3 Be7 7. cxd5 exd5 8.
Bb5+ Nbd7 9. O-O O-O 10. Qb3 Nb6 11. Re1 h6 12. a4 Be6 13. a5 Nc8 14. a6 Rb8
15. Bc6 b5 16. Bxb5 Nd6 17. Bf4 Nfe4 18. Qa4 g5 19. Nxe4 gxf4 20. Nxd6 Bxd6 21.
Rac1 Qf6 22. Ne5 Kh8 23. Bd7 Rg8 24. Bxe6 fxe6 25. Qd7 Bxe5 26. dxe5 Qg6 27. g3
Rg7 28. Rc8+ Rxc8 29. Qxc8+ Kh7 30. Rc1 h5 31. Qc2 f3 32. h4 d4 33. Qxg6+ Kxg6
34. Rd1 Rd7 35. Rd3 Kf5 36. Kf1 Kxe5 37. Rxf3 Rd6 38. Ra3 Rb6 39. b3 d3 40. Ke1
Kd4 41. Kd2 Rb4 42. f4 Ke4 43. Ra5 Rxb3 44. Re5+ Kd4 45. Rxe6 Rb2+ 46. Kc1 Rg2
47. Re7 Rg1+ 48. Kd2 Rg2+ 49. Kd1 Rg1+ 50. Kd2 1/2-1/2

[Event "BL 8182 FH Hamburg-Solingen"]
[Site "?"]
[Date "1981.??.??"]
[Round "?.6"]
[White "Schmidt, Wo"]
[Black "Lehmann, H."]
[Result "0-1"]
[WhiteElo "2295"]
[BlackElo "2335"]
[PlyCount "102"]
[EventDate "1981.??.??"]

1. c4 Nf6 2. Nf3 g6 3. g3 Bg7 4. Bg2 O-O 5. O-O d6 6. Nc3 e5 7. d3 Nc6 8. Rb1
a5 9. a3 h6 10. b4 axb4 11. axb4 Be6 12. e4 Ne7 13. h3 c6 14. Bb2 Nh7 15. Qe2
Qd7 16. Kh2 f5 17. Ra1 f4 18. Rxa8 Rxa8 19. Ra1 Rf8 20. Na4 g5 21. Nb6 Qc7 22.
c5 dxc5 23. bxc5 g4 24. hxg4 Bxg4 25. gxf4 Rxf4 26. Bc1 Rf8 27. Qa2+ Kh8 28.
Ng1 Qd8 29. f3 Bh5 30. Qe6 Ng8 31. Qh3 Bf7 32. Ra3 Ng5 33. Qd7 Ne6 34. Qxb7
Nxc5 35. Qxc6 Nxd3 36. Be3 Qh4+ 37. Nh3 Nf4 38. Ra7 Nxg2 39. Kxg2 Bh5 40. f4
Bf3+ 41. Kxf3 Qxh3+ 42. Ke2 exf4 43. Bf2 f3+ 44. Kd2 Qf1 45. Qc5 Qe2+ 46. Kc1
Rd8 47. Nd5 Qb2+ 48. Kd1 Qb1+ 49. Kd2 Qxe4 50. Ra5 Qe2+ 51. Kc1 Qf1+ 0-1

[Event "BL 8182 FH Hamburg-Solingen"]
[Site "?"]
[Date "1981.??.??"]
[Round "?.7"]
[White "Friehoff, H."]
[Black "Gergs, W."]
[Result "1/2-1/2"]
[WhiteElo "2255"]
[BlackElo "2240"]
[PlyCount "100"]
[EventDate "1981.??.??"]

1. d4 Nf6 2. Nf3 g6 3. c3 Bg7 4. h3 O-O 5. Bf4 d5 6. Nbd2 c5 7. e3 Qb6 8. Qb3
Qxb3 9. axb3 cxd4 10. exd4 Nc6 11. Bb5 Nd7 12. O-O a6 13. Rfe1 Re8 14. b4 Ra7
15. Bf1 Nf8 16. Nb3 Ne6 17. Bh2 Bd7 18. Ra3 Raa8 19. Ne5 Nxe5 20. Bxe5 Bxe5 21.
Rxe5 Nc7 22. Nc5 Bc6 23. f4 e6 24. Re1 Rab8 25. Raa1 Nb5 26. Bd3 Kg7 27. Rac1
Nd6 28. b3 h5 29. g3 Rh8 30. Re2 Bb5 31. c4 Bc6 32. Ra2 dxc4 33. bxc4 Nf5 34.
Bxf5 gxf5 35. Rd2 Rbd8 36. Kf2 Rd6 37. Rb1 Rhd8 38. Ke3 Kf6 39. Rg1 Ra8 40. Nd3
Be8 41. g4 hxg4 42. hxg4 Bc6 43. g5+ Ke7 44. Ne5 Rh8 45. Rg3 Rh1 46. g6 fxg6
47. Nxg6+ Kd8 48. Ne5 Kc7 49. c5 Rd8 50. Rg7+ Kb8 1/2-1/2

[Event "BL 8182 FH Hamburg-Solingen"]
[Site "?"]
[Date "1981.??.??"]
[Round "?.8"]
[White "Sack, B."]
[Black "Bilek, M."]
[Result "0-1"]
[WhiteElo "2225"]
[BlackElo "2280"]
[PlyCount "104"]
[EventDate "1981.??.??"]

1. Nf3 Nf6 2. c4 c5 3. Nc3 Nc6 4. g3 d5 5. cxd5 Nxd5 6. Bg2 Nc7 7. O-O e5 8. d3
Be7 9. Bd2 O-O 10. Rc1 b6 11. a3 Bd7 12. Na4 Rc8 13. b3 Nb5 14. Nc3 Nbd4 15.
Nxd4 cxd4 16. Nb1 a5 17. Qc2 b5 18. Qb2 Qb6 19. Rc2 Rc7 20. Rfc1 Rfc8 21. Be1
Nd8 22. Bf3 Ne6 23. b4 a4 24. h4 Bc6 25. Nd2 Bxf3 26. Nxf3 Bd6 27. Bd2 h6 28.
h5 Qb7 29. Nh4 Qd5 30. Nf5 Bf8 31. f3 Qb3 32. Qxb3 axb3 33. Rxc7 Rxc7 34. Rb1
Rc2 35. Be1 b2 36. Kf1 g6 37. hxg6 fxg6 38. Nh4 Nc7 39. e4 dxe3 40. Nxg6 Nd5
41. Nxe5 Nc3 42. Rxb2 e2+ 43. Kg1 Rc1 44. Kf2 Nd1+ 45. Kxe2 Nxb2 46. f4 Na4 47.
Bd2 Ra1 48. Nc6 Rxa3 49. Nd4 Nc3+ 50. Bxc3 Rxc3 51. Nxb5 Rc2+ 52. Ke3 Bxb4 0-1

[Event "BL 8182 Delmenhorst-Bochum"]
[Site "?"]
[Date "1981.??.??"]
[Round "?.1"]
[White "Schussler, H."]
[Black "Juhnke, K."]
[Result "1-0"]
[WhiteElo "2495"]
[BlackElo "2320"]
[PlyCount "105"]
[EventDate "1981.??.??"]

1. g3 g6 2. Bg2 Bg7 3. e4 c5 4. Ne2 Nc6 5. O-O d6 6. d3 e5 7. Nbc3 Nge7 8. Bg5
f6 9. Be3 O-O 10. Qd2 Rb8 11. a3 b6 12. f4 Be6 13. Nd5 Qd7 14. Nec3 Nd4 15.
Nxe7+ Qxe7 16. Rf2 f5 17. fxe5 dxe5 18. exf5 gxf5 19. Re1 Qd7 20. Kh1 Rf7 21.
Bh6 Bf6 22. Ref1 c4 23. dxc4 Bxc4 24. Rd1 Rd8 25. Bg5 Bxg5 26. Qxg5+ Rg7 27.
Qe3 Qc7 28. Re1 Re7 29. Qg5+ Kh8 30. Nd1 Rf8 31. Ne3 Ne6 32. Qh4 Ba6 33. Rxf5
Rxf5 34. Nxf5 Rf7 35. Qe4 Ng7 36. Nxg7 Kxg7 37. Qxe5+ Qxe5 38. Rxe5 Kf6 39. Re1
Rd7 40. Kg1 Rd2 41. Bf1 Bb7 42. Re2 Rd1 43. Kf2 Rb1 44. c4 Rc1 45. Rd2 Ke5 46.
Be2 Rh1 47. Rd7 Rxh2+ 48. Ke3 Bc6 49. Rxa7 Rh3 50. Rg7 h5 51. Rg5+ Kf6 52. Rxh5
Rxg3+ 53. Kf4 1-0

[Event "BL 8182 Delmenhorst-Bochum"]
[Site "?"]
[Date "1981.??.??"]
[Round "?.2"]
[White "Hermann, Man"]
[Black "Borik, O."]
[Result "1/2-1/2"]
[WhiteElo "2380"]
[BlackElo "2410"]
[PlyCount "93"]
[EventDate "1981.??.??"]

1. e4 c5 2. c3 e6 3. d4 d5 4. e5 Nc6 5. Nf3 Qb6 6. a3 Bd7 7. b4 cxd4 8. cxd4
Rc8 9. Bb2 Nxb4 10. axb4 Qxb4+ 11. Qd2 Rc2 12. Ba3 Qb3 13. Qd3 Bb4+ 14. Nfd2
Qa4 15. Be2 Rc1+ 16. Bxc1 Qxa1 17. O-O Ne7 18. Ba3 Nc6 19. Bxb4 Nxb4 20. Qc3
Qxc3 21. Nxc3 Ke7 22. Rb1 a5 23. Bb5 Rc8 24. Bxd7 Rxc3 25. Bb5 b6 26. Kf1 g5
27. Rb3 Rc1+ 28. Ke2 Nc2 29. Nf3 g4 30. Kd2 Na1 31. Rb2 gxf3 32. gxf3 Rh1 33.
Ba4 Rxh2 34. Ke3 Rh1 35. Rxb6 Kf8 36. Rb2 h5 37. Kf4 Rg1 38. Rd2 Kg7 39. Rd1
Rxd1 40. Bxd1 f6 41. Ba4 fxe5+ 42. Kxe5 h4 43. Kf4 Kf6 44. Kg4 e5 45. dxe5+
Kxe5 46. f4+ Kf6 47. Kxh4 1/2-1/2

[Event "BL 8182 Delmenhorst-Bochum"]
[Site "?"]
[Date "1981.??.??"]
[Round "?.3"]
[White "Budde, V."]
[Black "Meyer, CD."]
[Result "1-0"]
[WhiteElo "2355"]
[BlackElo "2285"]
[PlyCount "101"]
[EventDate "1981.??.??"]

1. d4 Nf6 2. c4 g6 3. Nf3 Bg7 4. g3 O-O 5. Bg2 d6 6. Nc3 Nbd7 7. O-O e5 8. e4
exd4 9. Nxd4 Re8 10. h3 Nc5 11. Re1 a5 12. Qc2 Qe7 13. Bf4 Ne6 14. Be3 Nxd4 15.
Bxd4 Be6 16. Ne2 Nd7 17. Bxg7 Kxg7 18. Nd4 f6 19. f4 Bf7 20. Re2 Nc5 21. Rae1
Rad8 22. Qc3 Kg8 23. b3 a4 24. b4 Nd7 25. Nc2 c6 26. Ne3 Qe6 27. Qd4 c5 28.
bxc5 dxc5 29. Qc3 Qe7 30. Rd2 Kg7 31. Rb1 b6 32. Qc2 a3 33. Qc3 h5 34. Qxa3 Ra8
35. Qc3 Ra6 36. e5 Nf8 37. Nd5 Bxd5 38. Bxd5 fxe5 39. Re1 Kh7 40. Rxe5 Qg7 41.
Qe3 Rxe5 42. fxe5 Ra7 43. Kh2 Re7 44. e6 Qh6 45. Qxh6+ Kxh6 46. Rb2 Kg7 47.
Rxb6 Kf6 48. Ra6 Ke5 49. a4 g5 50. a5 Ng6 51. Ra8 1-0

[Event "BL 8182 Delmenhorst-Bochum"]
[Site "?"]
[Date "1981.??.??"]
[Round "?.5"]
[White "Wittmann, R."]
[Black "Dornieden, M."]
[Result "1-0"]
[WhiteElo "2325"]
[BlackElo "2325"]
[PlyCount "41"]
[EventDate "1981.??.??"]

1. e4 g6 2. d4 Bg7 3. h4 d5 4. e5 c5 5. c3 Nc6 6. h5 Nh6 7. Be2 cxd4 8. cxd4
Qb6 9. Nc3 Be6 10. Nf3 Nf5 11. Na4 Qc7 12. h6 Bf8 13. g4 Nb4 14. Nc3 Qb6 15.
Kf1 Nxh6 16. Bxh6 Bxh6 17. Rxh6 Bxg4 18. a3 Nc6 19. Nxd5 Qd8 20. Ne3 O-O 21.
Nxg4 1-0

[Event "BL 8182 Delmenhorst-Bochum"]
[Site "?"]
[Date "1981.??.??"]
[Round "?.8"]
[White "Anbuhl, E."]
[Black "Ackermann, H."]
[Result "1-0"]
[WhiteElo "2225"]
[BlackElo "2255"]
[PlyCount "133"]
[EventDate "1981.??.??"]

1. e4 c5 2. c3 d5 3. exd5 Qxd5 4. d4 Nc6 5. Nf3 cxd4 6. cxd4 e5 7. Nc3 Bb4 8.
Bd2 Bxc3 9. Bxc3 e4 10. Ne5 Nxe5 11. dxe5 Ne7 12. Qe2 O-O 13. Rd1 Qxa2 14. Bb4
Qe6 15. Qxe4 Re8 16. Bb5 Nc6 17. O-O Qg6 18. Qxg6 hxg6 19. Bc3 Be6 20. Rd6 Rec8
21. Be2 Rc7 22. f4 Ne7 23. Rfd1 Nf5 24. Rd8+ Rxd8 25. Rxd8+ Kh7 26. Kf2 Ne7 27.
Bf3 b6 28. h3 Rc4 29. Rd4 Rxd4 30. Bxd4 Kg8 31. Bc3 Nd5 32. Bd2 f6 33. g4 Nc7
34. exf6 gxf6 35. h4 Kf7 36. Kg3 f5 37. g5 Bd5 38. Be2 Ne6 39. h5 Nc5 40. Kh4
gxh5 41. Bc3 Ne4 42. Bxh5+ Kg8 43. Bd4 Nd2 44. Kg3 Nb3 45. Be5 a5 46. Be8 Nc5
47. Bb5 Ne4+ 48. Kh4 Nd2 49. Kh5 Nf3 50. Bc7 Nd4 51. Bd3 Ne6 52. Be5 a4 53. Kh6
Nd8 54. g6 Nc6 55. Bxf5 b5 56. Bd6 Nd4 57. Bd3 Bc4 58. Be4 Be6 59. Kg5 Nb3 60.
f5 Nd2 61. Bc6 Bb3 62. Bb4 Nf1 63. f6 Ng3 64. Bd6 Ne2 65. Be8 Nd4 66. f7+ Bxf7
67. Bxf7+ 1-0

[Event "BL 8182 Solingen-Delmenhorst"]
[Site "?"]
[Date "1981.??.??"]
[Round "?.3"]
[White "Meyer, CD."]
[Black "Hecht, H."]
[Result "0-1"]
[WhiteElo "2285"]
[BlackElo "2460"]
[PlyCount "52"]
[EventDate "1981.??.??"]

1. e4 e5 2. Nf3 Nc6 3. Bb5 f5 4. d3 fxe4 5. dxe4 Nf6 6. O-O Bc5 7. Bg5 d6 8.
Nc3 O-O 9. Nd5 Kh8 10. c3 a6 11. Bc4 Be6 12. b4 Ba7 13. Nxf6 gxf6 14. Bxe6 fxg5
15. h3 Qf6 16. Bd5 h5 17. Qe2 g4 18. Nh2 Qh4 19. hxg4 Rf4 20. Be6 Raf8 21. Bf5
hxg4 22. Kh1 Bxf2 23. Bxg4 Ne7 24. Rad1 Ng6 25. Rd3 Bg3 26. Bh3 Bxh2 0-1

[Event "BL 8182 Solingen-Delmenhorst"]
[Site "?"]
[Date "1981.??.??"]
[Round "?.5"]
[White "Dornieden, M."]
[Black "Lehmann, H."]
[Result "1/2-1/2"]
[WhiteElo "2325"]
[BlackElo "2335"]
[PlyCount "75"]
[EventDate "1981.??.??"]

1. Nf3 Nf6 2. c4 c6 3. b3 g6 4. Bb2 Bg7 5. g3 O-O 6. Bg2 d6 7. O-O e5 8. d3 Re8
9. Qc2 Nbd7 10. Nbd2 Ng4 11. Ne4 Nf8 12. h3 Nh6 13. c5 dxc5 14. Nxc5 Nf5 15. b4
a5 16. bxa5 Qxa5 17. a4 Ne6 18. Nb3 Qa7 19. e3 f6 20. d4 exd4 21. Nfxd4 Nfxd4
22. Nxd4 Qc5 23. Qb3 Qe7 24. a5 Qf7 25. a6 Nxd4 26. Qxf7+ Kxf7 27. Bxd4 Rxa6
28. Rxa6 bxa6 29. Bxc6 Rd8 30. Rc1 Bxh3 31. Bb7 Bf8 32. Bxa6 Bd6 33. Rc6 Ke7
34. Bb6 Ra8 35. Bc7 Bb4 36. Bc4 Bd7 37. Rb6 Bc5 38. Rb1 1/2-1/2

[Event "BL 8182 Solingen-Delmenhorst"]
[Site "?"]
[Date "1981.??.??"]
[Round "?.7"]
[White "Anbuhl, E."]
[Black "Borngaesser, R."]
[Result "0-1"]
[WhiteElo "2225"]
[BlackElo "2320"]
[PlyCount "64"]
[EventDate "1981.??.??"]

1. e4 e6 2. d4 d5 3. e5 c5 4. c3 Nc6 5. Nf3 Qb6 6. Be2 cxd4 7. cxd4 Nge7 8. Na3
Nf5 9. Nc2 Bb4+ 10. Kf1 Be7 11. b4 Bd7 12. a3 h5 13. g3 Rc8 14. Ra2 Nb8 15. a4
Bxb4 16. Nxb4 Qxb4 17. Bd2 Qb6 18. a5 Qc7 19. Kg2 a6 20. Bd3 Bb5 21. Bxf5 exf5
22. Qb1 g6 23. Re1 O-O 24. Nh4 Qc4 25. e6 Qd3 26. Qb4 Rce8 27. Ra3 Qc4 28. Qd6
Rxe6 29. Rxe6 Qf1+ 30. Kf3 Qd1+ 31. Kf4 Qg4+ 32. Ke3 f4+ 0-1

[Event "BL 8182 Bochum-FH Hamburg"]
[Site "?"]
[Date "1981.??.??"]
[Round "?.1"]
[White "Wockenfuss, K."]
[Black "Schussler, H."]
[Result "1/2-1/2"]
[WhiteElo "2380"]
[BlackElo "2495"]
[PlyCount "29"]
[EventDate "1981.??.??"]

1. e4 e5 2. Nf3 Nf6 3. Nxe5 d6 4. Nf3 Nxe4 5. Qe2 Qe7 6. d3 Nf6 7. Bg5 Qxe2+ 8.
Bxe2 Be7 9. Nc3 c6 10. O-O-O Na6 11. Rhe1 h6 12. Bh4 Be6 13. d4 Nc7 14. Bd3
O-O-O 15. h3 1/2-1/2

[Event "BL 8182 Bochum-FH Hamburg"]
[Site "?"]
[Date "1981.??.??"]
[Round "?.3"]
[White "Cording, H."]
[Black "Budde, V."]
[Result "1/2-1/2"]
[WhiteElo "2320"]
[BlackElo "2355"]
[PlyCount "86"]
[EventDate "1981.??.??"]

1. d4 Nf6 2. c4 e6 3. Nc3 d5 4. Nf3 Be7 5. Bg5 Nbd7 6. Rc1 O-O 7. e3 c6 8. Bd3
dxc4 9. Bxc4 Nd5 10. Bxe7 Qxe7 11. Ne4 N5f6 12. Ng3 b6 13. O-O Bb7 14. e4 Rfd8
15. e5 Ne8 16. Qe2 c5 17. Rfd1 Bxf3 18. Qxf3 cxd4 19. Qf4 Nf8 20. Rxd4 Ng6 21.
Qe4 Rxd4 22. Qxd4 Qg5 23. Re1 Rd8 24. Qe4 Qd2 25. Re2 Qd4 26. Nf1 Qc5 27. Bb3
Qe7 28. g3 Nc7 29. h4 Na6 30. h5 Nf8 31. Qf4 h6 32. Rd2 Rxd2 33. Nxd2 Nc5 34.
Bc2 Qc7 35. Nc4 Ncd7 36. Bd3 f6 37. exf6 Qxf4 38. gxf4 Nxf6 39. f5 Nxh5 40. Nd6
exf5 41. Bxf5 g6 42. Bd3 Nf4 43. Bc4+ Kg7 1/2-1/2

[Event "BL 8182 Bochum-FH Hamburg"]
[Site "?"]
[Date "1981.??.??"]
[Round "?.4"]
[White "Paulsen, D."]
[Black "Rosin, W."]
[Result "1-0"]
[WhiteElo "2290"]
[BlackElo "2265"]
[PlyCount "57"]
[EventDate "1981.??.??"]

1. e4 c6 2. d4 d5 3. Nd2 dxe4 4. Nxe4 Nf6 5. Nxf6+ gxf6 6. g3 Bf5 7. Bg2 Na6 8.
a3 e6 9. Ne2 h5 10. Be3 h4 11. c4 Qa5+ 12. b4 Nxb4 13. axb4 Qxb4+ 14. Qd2 Qxc4
15. O-O Bb4 16. Qb2 a5 17. Rfc1 Qa6 18. d5 cxd5 19. Qxf6 Rh7 20. Rc7 Qxe2 21.
Rac1 Rd8 22. Bf1 Qg4 23. Bb5+ Kf8 24. Qxd8+ Kg7 25. Rxf7+ Kxf7 26. Rc7+ Kg6 27.
Be8+ Rf7 28. Bxf7+ Kg7 29. Bh5+ 1-0

[Event "BL 8182 Bochum-FH Hamburg"]
[Site "?"]
[Date "1981.??.??"]
[Round "?.5"]
[White "Kordsachia, T."]
[Black "Wittmann, R."]
[Result "1-0"]
[WhiteElo "2350"]
[BlackElo "2325"]
[PlyCount "123"]
[EventDate "1981.??.??"]

1. d4 c5 2. Nf3 e6 3. e3 Nf6 4. Be2 d6 5. O-O b6 6. a4 Nc6 7. Nc3 Be7 8. e4
cxd4 9. Bb5 Bd7 10. Nxd4 Nxd4 11. Qxd4 O-O 12. Rd1 a6 13. Be2 Qc7 14. Bg5 Bc6
15. Bxf6 gxf6 16. Rd3 Kh8 17. Rg3 Bb7 18. Bh5 Qc5 19. Qd1 Rac8 20. Qe2 Qe5 21.
Re1 Rc5 22. Rh3 Qg5 23. Bf3 Rfc8 24. Qd3 Qg7 25. Rg3 Rg5 26. Qd4 Rxg3 27. hxg3
Rc5 28. b4 Rc6 29. Nd5 Bd8 30. Ne3 Qf8 31. Rd1 Be7 32. Qd3 Qc8 33. c4 Rc7 34.
Qd4 Rc6 35. Bg4 a5 36. b5 Rc5 37. Rc1 Qg8 38. Bf3 Qg5 39. Rd1 Qe5 40. Qd3 Rc7
41. Ng4 Qc5 42. Be2 Kg7 43. Qd2 Qg5 44. Qd4 Qc5 45. Qd2 Qg5 46. Qd4 Qc5 47. Qd2
Qg5 48. Ne3 Bxe4 49. Qd4 Bb7 50. Qxb6 Qc5 51. Qxa5 Be4 52. Qd2 f5 53. a5 Rd7
54. Bf3 Bxf3 55. gxf3 Bd8 56. a6 Bb6 57. Kg2 Qe5 58. Rh1 Kg8 59. Qd3 f6 60. f4
Qc5 61. Qe2 Rg7 62. Nd5 1-0

[Event "BL 8182 Bochum-FH Hamburg"]
[Site "?"]
[Date "1981.??.??"]
[Round "?.6"]
[White "Bachmann, K."]
[Black "Schmidt, Wo"]
[Result "1/2-1/2"]
[WhiteElo "2295"]
[BlackElo "2295"]
[PlyCount "59"]
[EventDate "1981.??.??"]

1. c4 e5 2. g3 Nc6 3. Bg2 g6 4. Nc3 Bg7 5. Rb1 a5 6. a3 Nh6 7. e3 d6 8. b4 axb4
9. axb4 O-O 10. Nge2 f5 11. d3 Ne7 12. O-O c6 13. b5 Be6 14. Qb3 Qc7 15. Bd2
Ng4 16. bxc6 bxc6 17. Qb7 Ra7 18. Qxc7 Rxc7 19. Rb6 Nf6 20. Ra6 Bc8 21. Ra5 Be6
22. Rb1 Nd7 23. Na4 Rb8 24. Rxb8+ Nxb8 25. c5 d5 26. Ra8 Rb7 27. Nb6 Kf7 28.
Nc3 Nd7 29. Nxd7 Bxd7 30. Kf1 1/2-1/2

[Event "BL 8182 Bochum-FH Hamburg"]
[Site "?"]
[Date "1981.??.??"]
[Round "?.8"]
[White "Ackermann, H."]
[Black "Sack, B."]
[Result "1-0"]
[WhiteElo "2255"]
[BlackElo "2225"]
[PlyCount "113"]
[EventDate "1981.??.??"]

1. e4 c6 2. d4 d5 3. exd5 cxd5 4. Bd3 Nc6 5. c3 Nf6 6. h3 g6 7. Bg5 Bg7 8. Nf3
O-O 9. Nbd2 Ne8 10. O-O Nd6 11. Qb3 f6 12. Bh4 Be6 13. Bg3 Bf7 14. Rfe1 Re8 15.
Bxd6 Qxd6 16. Qxb7 Reb8 17. Qa6 Rxb2 18. Bb5 Be8 19. c4 Rb8 20. Bxc6 Bxc6 21.
c5 Qc7 22. Re6 Bb5 23. Qa3 Bc4 24. Nxc4 dxc4 25. Qc3 R2b4 26. a3 Ra4 27. Nd2 f5
28. Qc2 Qd7 29. Rxe7 Qxd4 30. Qxa4 Qxa1+ 31. Nf1 Qd4 32. Re8+ Rxe8 33. Qxe8+
Bf8 34. Qe6+ Kg7 35. c6 Bc5 36. Ne3 c3 37. Qb3 Bb6 38. Nd1 Kh6 39. Qc2 Ba5 40.
Ne3 Qc5 41. Qa4 Kg7 42. Kf1 f4 43. Qxf4 Bd8 44. Qa4 Bg5 45. Nc2 Bf6 46. Qa6 Be5
47. a4 Kh6 48. Qd3 Kg7 49. Qe3 Qxe3 50. fxe3 Kf7 51. Ke2 Ke6 52. Kd3 Kd5 53.
Nd4 h5 54. Kxc3 Ke4 55. Kd2 Kd5 56. Kd3 Kc5 57. c7 1-0

[Event "BL 8182 SKJE-Erlangen"]
[Site "?"]
[Date "1982.??.??"]
[Round "?.1"]
[White "Feustel, B."]
[Black "Stein, B."]
[Result "1/2-1/2"]
[WhiteElo "2375"]
[BlackElo "2295"]
[PlyCount "34"]
[EventDate "1982.??.??"]

1. Nf3 Nf6 2. c4 c5 3. g3 b6 4. Bg2 Bb7 5. O-O e6 6. d4 cxd4 7. Qxd4 d6 8. Nc3
a6 9. Rd1 Be7 10. b3 Nbd7 11. Ba3 Nc5 12. e4 Qc7 13. e5 dxe5 14. Qxe5 Rc8 15.
Qxc7 Rxc7 16. Ne5 Bxg2 17. Kxg2 Ncd7 1/2-1/2

[Event "BL 8182 SKJE-Erlangen"]
[Site "?"]
[Date "1982.??.??"]
[Round "?.4"]
[White "Fehrig, A."]
[Black "Stoll, J."]
[Result "1-0"]
[WhiteElo "2215"]
[BlackElo "2225"]
[PlyCount "71"]
[EventDate "1982.??.??"]

1. e4 c5 2. Nf3 b6 3. Nc3 Bb7 4. d4 cxd4 5. Nxd4 g6 6. Be2 Bg7 7. O-O Nc6 8.
Be3 Nf6 9. f4 O-O 10. Bf3 Rc8 11. e5 Ne8 12. Ndb5 Ra8 13. Qd2 a6 14. Na3 d6 15.
Nc4 b5 16. Nb6 Rb8 17. Bg4 f5 18. exf6 Nxf6 19. Be6+ Kh8 20. Ncd5 Nxd5 21. Nxd5
Bc8 22. Bxc8 Qxc8 23. c3 e6 24. Nb4 Rd8 25. Nxc6 Qxc6 26. Rf3 Qc4 27. a3 a5 28.
Qf2 b4 29. axb4 axb4 30. cxb4 Qxb4 31. Qh4 Qxb2 32. Ra7 Qf6 33. Qe1 Qf5 34. Rf1
Rb2 35. Rxg7 Qe4 36. Bf2 1-0

[Event "BL 8182 HSK-Markth'feld"]
[Site "?"]
[Date "1982.??.??"]
[Round "?.1"]
[White "Goehring, K."]
[Black "Huebner, R."]
[Result "0-1"]
[WhiteElo "2320"]
[BlackElo "2640"]
[PlyCount "58"]
[EventDate "1982.??.??"]

1. d4 Nf6 2. c4 e6 3. Nc3 Bb4 4. e3 O-O 5. Bd3 d5 6. Nf3 b6 7. O-O Bb7 8. Qe2
Nbd7 9. a3 Bxc3 10. bxc3 dxc4 11. Bxc4 c5 12. a4 Qc7 13. Bb2 Rfe8 14. Rfc1 e5
15. Ba6 Bxa6 16. Qxa6 e4 17. Nd2 Re6 18. Qe2 Rae8 19. Ra2 a5 20. c4 cxd4 21.
Bxd4 Nd5 22. Raa1 Nb4 23. Nb3 Nd3 24. Rc3 Rg6 25. h3 f5 26. f4 Rc6 27. Nd2 N7c5
28. Rc2 Qd7 29. Kh2 Nxf4 0-1